01442 2200313 4500001002100000005001500021035002000036007000300056008004100059020002200100082001000122084001900132100001300151245012600164300003800290650001100328700002500339700002200364504003000386520049900416264004700915336002100962337003000983338002301013250003301036740002701069990001601096990001601112INLIS00000000116332620230804023754 a0010-0723000032ta230804 g 0 ind  a978-623-00-2965-3 a2X5.1 aSR 2X5.1 HEL s0 aHelwa, A1 aSecrets of divine love :bsebuah perjalanan spiritual yang mendalam tentang islam /cA. Helwa; alih bahasa, Marlina, Arif a399 halaman :bilustrasi ;c23 cm 4aAkhlak0 aMarlinaealih bahasa0 aArifealih bahasa aBibliografi : halaman 393 aSecrets of Divine Love: Sebuah Perjalanan Spiritual yang Mendalam tentang Islam ditulis untuk hati yang rindu, untuk orang yang mencari sesuatu yang belum bisa mereka temukan. Untuk orang yang kadang-kadang berputar ke dalam keputusasaan dan tidak bisa tidak merasa terlalu tidak sempurna untuk mencintai Tuhan yang sempurna. Buku ini untuk orang yang berada di tepi iman mereka, yang telah mengalami agama sebagai musim dingin yang keras bukannya musim semi yang menopang kehidupan dari Tuhan. aJakarta :bPT Elex Media Komputindo,c2023 2rdacontentateks 2rdamediaatanpa perantara 2rdacarrieravolume acetakan kesepuluh, Juni 2023 asecrets of divine love a52028.64848 a55520.68340